شير با ز ا ر ميں سر ما يا کا ر ی مو حو د ہ طر يقہ کا ر ا و ر ا سلا می نقطہ نظر (Record no. 166837)

MARC details
000 -LEADER
fixed length control field 00833nam a22001937a 4500
005 - DATE AND TIME OF LATEST TRANSACTION
control field 20190809152854.0
010 ## - LCCN (DPL NO)
LC control number UR-10364
020 ## - INTERNATIONAL STANDARD BOOK NUMBER
Terms of availability 80.00
International Standard Book Number -
035 ## - SYSTEM CONTROL NUMBER
System control number U-8919
037 ## - SOURCE OF ACQUISITION
Source of stock number/acquisition DBAD/PUB
082 ## - DEWEY DECIMAL CLASSIFICATION NUMBER
Classification number 270
100 ## - MAIN ENTRY--PERSONAL NAME
Personal name عبد العظيم ا صلا حی
245 ## - TITLE STATEMENT
Title شير با ز ا ر ميں سر ما يا کا ر ی مو حو د ہ طر يقہ کا ر ا و ر ا سلا می نقطہ نظر
Statement of responsibility, etc عبد العظيم ا صلا حی
246 ## - VARYING FORM OF TITLE
Remainder of title Shares Bazar mein Sarmayah kari Moujudaha Tariqah-e-Kar Aur Islami Nuqta-e-Nazar(Urdu)
Title proper/short title by Abdul Azeem Islahi
260 ## - PUBLICATION, DISTRIBUTION, ETC. (IMPRINT)
Place of publication, distribution, etc New Delhi
Name of publisher, distributor, etc Markazi Maktaba Islami Publishers
Date of publication, distribution, etc 2014 ء
270 ## - ADDRESS
Address D-307,Dawat Nagar,Abul Fazal Enclave,Jamia Nagar,
City New Delhi
Postal code 110025
Telephone number 26971652
Fax number -
300 ## - PHYSICAL DESCRIPTION
Extent 152 ص
Dimensions 22 Cm(Hb)
942 ## - ADDED ENTRY ELEMENTS (KOHA)
Source of classification or shelving scheme Dewey Decimal Classification
Item type Urdu Bks
Classification part 270
Call number suffix ع ب د
Holdings
Withdrawn status Lost status Not for loan Collection code Home library Current library Date acquired Source of acquisition Cost, normal purchase price Full call number Barcode Copy number Cost, replacement price Koha item type
    Not For Loan Non-fiction D.B.Act.Division D.B.Act.Division 09/08/2019 DBAD/PUB 80.00 270 ع ب د U-8919 1 80.00 Urdu Bks

© Delhi Public Library
Hit Counter
free hit counter